An Analysis on the Evangelistic Approach in the Context of Evangelical Baptist Convention | (Record no. 8005)

MARC details
000 -LEADER
fixed length control field 00584nam a22001697a 4500
003 - CONTROL NUMBER IDENTIFIER
control field GBCCL
005 - DATE AND TIME OF LATEST TRANSACTION
control field 20241126110641.0
008 - FIXED-LENGTH DATA ELEMENTS--GENERAL INFORMATION
fixed length control field 181123b ||||| |||| 00| 0 eng d
040 ## - CATALOGING SOURCE
Transcribing agency GBC
082 ## - DEWEY DECIMAL CLASSIFICATION NUMBER
Classification number ARCH GBC-2018
Item number VAL
100 ## - MAIN ENTRY--PERSONAL NAME
Personal name Valte, Vumsonmung
9 (RLIN) 13978
245 ## - TITLE STATEMENT
Title An Analysis on the Evangelistic Approach in the Context of Evangelical Baptist Convention |
Statement of responsibility, etc. Vumsonmung Valte
260 ## - PUBLICATION, DISTRIBUTION, ETC.
Place of publication, distribution, etc. New Lamka:
Name of publisher, distributor, etc. Grace Bible College,
Date of publication, distribution, etc. 2018
300 ## - PHYSICAL DESCRIPTION
Extent viii + 61 p.;
Dimensions 21 x 30 cm.
650 ## - SUBJECT ADDED ENTRY--TOPICAL TERM
Topical term or geographic name entry element Ministry
Form subdivision Evangelistic Approach
General subdivision Evangelical Baptist Convention
9 (RLIN) 13979
942 ## - ADDED ENTRY ELEMENTS (KOHA)
Source of classification or shelving scheme Dewey Decimal Classification
Koha item type Thesis
Holdings
Withdrawn status Lost status Source of classification or shelving scheme Damaged status Not for loan Home library Current Library Shelving location Date acquired Total checkouts Full call number Barcode Date last seen Copy number Price effective from Koha item type
    Dewey Decimal Classification     GRACE BIBLE COLLEGE GRACE BIBLE COLLEGE Archives 2018-11-23   ARCH GBC-2018 VAL 025136 2025-05-01 c.1 2018-11-23 Thesis
© Grace Bible College Library 2025